| 000 | 00831cam a22002534a 4500 | ||
|---|---|---|---|
| 001 | 13900942 | ||
| 003 | OSt | ||
| 005 | 20230826160310.0 | ||
| 008 | 050316s2006 njua b 001 0 eng | ||
| 010 | _a 2005045934 | ||
| 020 | _a9789389552218 | ||
| 040 |
_aDLC _cDLC _dDLC |
||
| 042 | _apcc | ||
| 050 | 0 | 0 |
_aHG4026 _b.F67 2006 |
| 082 | 0 | 0 |
_a658.15 _bKEO/F |
| 245 | 0 | 0 |
_aFoundations of finance : _bthe logic and practice of financial management / _cArthur J. Keown ... [et al.]. |
| 250 | _a9th ed. | ||
| 260 |
_aUpper Saddle River, NJ : _bPearson Prentice Hall, _cc2020. |
||
| 300 |
_a576 p. : _b ill. ; _c29 cm. |
||
| 504 | _aIncludes bibliographical references and indexes. | ||
| 650 | 0 |
_aCorporations _xFinance. |
|
| 700 |
_aKeown, Arthur J _91153 |
||
| 942 |
_2ddc _cBK _h658.15 _iKEO/F _k658.15 _mKEO/F |
||
| 999 |
_c42024 _d42024 |
||